Transport and transfer process in plants (Record no. 25873)

MARC details
000 -LEADER
fixed length control field 00747nam a2200289Ia 4500
082 ## - DEWEY DECIMAL CLASSIFICATION NUMBER
Classification number 581.11
Item number WAR
100 ## - MAIN ENTRY--AUTHOR NAME
Personal name PASSIOURA, J B
245 #0 - TITLE STATEMENT
Title Transport and transfer process in plants
260 ## - PUBLICATION, DISTRIBUTION, ETC. (IMPRINT)
Place of publication New York
Name of publisher Academic
Year of publication 1976
650 ## - SUBJECT ADDED ENTRY--TOPICAL TERM
Topical Term Electrophysiology
650 ## - SUBJECT ADDED ENTRY--TOPICAL TERM
Topical Term Ion release
650 ## - SUBJECT ADDED ENTRY--TOPICAL TERM
Topical Term Munch pressure flow
650 ## - SUBJECT ADDED ENTRY--TOPICAL TERM
Topical Term Nutrient uptake
650 ## - SUBJECT ADDED ENTRY--TOPICAL TERM
Topical Term Photosynthesis
650 ## - SUBJECT ADDED ENTRY--TOPICAL TERM
Topical Term Plant nutrition
650 ## - SUBJECT ADDED ENTRY--TOPICAL TERM
Topical Term Plasmodesmata
650 ## - SUBJECT ADDED ENTRY--TOPICAL TERM
Topical Term Potassium influx
650 ## - SUBJECT ADDED ENTRY--TOPICAL TERM
Topical Term Solute transport
650 ## - SUBJECT ADDED ENTRY--TOPICAL TERM
Topical Term Stomatal physiology
650 ## - SUBJECT ADDED ENTRY--TOPICAL TERM
Topical Term Transfer cell
650 ## - SUBJECT ADDED ENTRY--TOPICAL TERM
Topical Term Translocation
650 ## - SUBJECT ADDED ENTRY--TOPICAL TERM
Topical Term Transport
650 ## - SUBJECT ADDED ENTRY--TOPICAL TERM
Topical Term Virus
700 ## - ADDED ENTRY--PERSONAL NAME
Personal name WARDLAW, I F
942 ## - ADDED ENTRY ELEMENTS (KOHA)
Koha item type Books
Holdings
Withdrawn status Lost status Damaged status Not for loan Home library Current library Date acquired Full call number Accession Number Koha item type
        RRII Library RRII Library 16/12/2021 581.11 WAR 06516 Books